<?xml version="1.0" encoding="UTF-8"?>
<record
    xmlns:xsi="http://www.w3.org/2001/XMLSchema-instance"
    xsi:schemaLocation="http://www.loc.gov/MARC21/slim http://www.loc.gov/standards/marcxml/schema/MARC21slim.xsd"
    xmlns="http://www.loc.gov/MARC21/slim">

  <leader>01622cam a22003015a 4500</leader>
  <controlfield tag="001">18692818</controlfield>
  <controlfield tag="005">20201128021508.0</controlfield>
  <controlfield tag="008">150709s2014    ne a   frb    001 0 eng d</controlfield>
  <datafield tag="020" ind1=" " ind2=" ">
    <subfield code="a">0124077811 (pbk.)</subfield>
  </datafield>
  <datafield tag="020" ind1=" " ind2=" ">
    <subfield code="a">9780124077812 (pbk.)</subfield>
  </datafield>
  <datafield tag="040" ind1=" " ind2=" ">
    <subfield code="a">UKMGB</subfield>
    <subfield code="b">eng</subfield>
    <subfield code="c">UKMGB</subfield>
    <subfield code="d">EG-ScBUE</subfield>
  </datafield>
  <datafield tag="082" ind1="0" ind2="4">
    <subfield code="a">005.2732</subfield>
    <subfield code="2">22</subfield>
    <subfield code="b">DOU</subfield>
  </datafield>
  <datafield tag="100" ind1="1" ind2=" ">
    <subfield code="a">Douglass, Bruce Powel.</subfield>
    <subfield code="9">34948</subfield>
  </datafield>
  <datafield tag="245" ind1="1" ind2="0">
    <subfield code="a">Real-time UML workshop for embedded systems /</subfield>
    <subfield code="c">by Bruce Powel Douglass.</subfield>
  </datafield>
  <datafield tag="250" ind1=" " ind2=" ">
    <subfield code="a">2nd ed.</subfield>
  </datafield>
  <datafield tag="260" ind1=" " ind2=" ">
    <subfield code="a">Waltham ;</subfield>
    <subfield code="a">Oxford :</subfield>
    <subfield code="b">Newness / Elsevier,</subfield>
    <subfield code="c">2014.</subfield>
  </datafield>
  <datafield tag="300" ind1=" " ind2=" ">
    <subfield code="a">xx, 500 p. :</subfield>
    <subfield code="b">ill. ;</subfield>
    <subfield code="c">24 cm</subfield>
  </datafield>
  <datafield tag="500" ind1=" " ind2=" ">
    <subfield code="a">Previous edition: 2007.</subfield>
  </datafield>
  <datafield tag="500" ind1=" " ind2=" ">
    <subfield code="a">Index : p. 491-500.</subfield>
  </datafield>
  <datafield tag="504" ind1=" " ind2=" ">
    <subfield code="a">Includes bibliographical references.</subfield>
  </datafield>
  <datafield tag="505" ind1="0" ind2="0">
    <subfield code="g">chapter 1.</subfield>
    <subfield code="t">Introduction to UML --</subfield>
    <subfield code="g">chapter 2.</subfield>
    <subfield code="t">The harmony process --</subfield>
    <subfield code="g">chapter 3.</subfield>
    <subfield code="t">Meeting industry standards --</subfield>
    <subfield code="g">chapter 4.</subfield>
    <subfield code="t">Specifying requirements --</subfield>
    <subfield code="g">chapter 5.</subfield>
    <subfield code="t">Systems architecture --</subfield>
    <subfield code="g">chapter 6.</subfield>
    <subfield code="t">Dependability architecture --</subfield>
    <subfield code="g">chapter 7.</subfield>
    <subfield code="t">High-fidelity modeling --</subfield>
    <subfield code="g">chapter 8.</subfield>
    <subfield code="t">Distribution architecture --</subfield>
    <subfield code="g">chapter 9.</subfield>
    <subfield code="t">Concurrency and resource architecture --</subfield>
    <subfield code="g">chapter 10.</subfield>
    <subfield code="t">Collaboration and detailed design --</subfield>
    <subfield code="g">chapters 11-17.</subfield>
    <subfield code="t">Answers --</subfield>
    <subfield code="g">appendix A.</subfield>
    <subfield code="t">The Roadrunner Intersection Controller System specification --</subfield>
    <subfield code="g">appendix B.</subfield>
    <subfield code="t">The Coyote Unmanned Aerial Vehicle System (CUAVS) --</subfield>
    <subfield code="g">appendix C.</subfield>
    <subfield code="t">UML notational summary.</subfield>
  </datafield>
  <datafield tag="650" ind1=" " ind2="0">
    <subfield code="a">UML (Computer science)</subfield>
    <subfield code="2">BUEsh</subfield>
  </datafield>
  <datafield tag="650" ind1=" " ind2="0">
    <subfield code="a">Real-time programming.</subfield>
    <subfield code="2">BUEsh</subfield>
    <subfield code="9">23170</subfield>
  </datafield>
  <datafield tag="650" ind1=" " ind2="7">
    <subfield code="a">Embedded computer systems</subfield>
    <subfield code="x">Programming.</subfield>
    <subfield code="2">BUEsh</subfield>
    <subfield code="9">2646</subfield>
  </datafield>
  <datafield tag="651" ind1=" " ind2=" ">
    <subfield code="2">BUEsh</subfield>
  </datafield>
  <datafield tag="653" ind1=" " ind2=" ">
    <subfield code="b">COMSCI</subfield>
    <subfield code="c">August2015</subfield>
    <subfield code="c">November2015</subfield>
  </datafield>
  <datafield tag="942" ind1=" " ind2=" ">
    <subfield code="2">ddc</subfield>
    <subfield code="k">005.2732 DOU</subfield>
  </datafield>
  <datafield tag="999" ind1=" " ind2=" ">
    <subfield code="c">20546</subfield>
    <subfield code="d">20518</subfield>
  </datafield>
  <datafield tag="952" ind1=" " ind2=" ">
    <subfield code="0">0</subfield>
    <subfield code="1">0</subfield>
    <subfield code="2">ddc</subfield>
    <subfield code="4">0</subfield>
    <subfield code="7">0</subfield>
    <subfield code="8">Baccah</subfield>
    <subfield code="a">MAIN</subfield>
    <subfield code="b">MAIN</subfield>
    <subfield code="c">LOW</subfield>
    <subfield code="d">2015-08-17</subfield>
    <subfield code="e">Purchase</subfield>
    <subfield code="g">560.00</subfield>
    <subfield code="h">21759</subfield>
    <subfield code="l">0</subfield>
    <subfield code="o">005.2732 DOU</subfield>
    <subfield code="p">000030773</subfield>
    <subfield code="r">2025-07-15 00:00:00</subfield>
    <subfield code="v">700.00</subfield>
    <subfield code="y">BB</subfield>
  </datafield>
</record>
